American concrete institute guide for the design construction and repair of forrocement / (Record no. 548064)
[ view plain ]
| 000 -LEADER | |
|---|---|
| fixed length control field | 00429nam a22001337a 4500 |
| 082 ## - DEWEY DECIMAL CLASSIFICATION NUMBER | |
| Classification number | 690.538 |
| Author Mark | ACI |
| -- | N-01, P-98 |
| 100 ## - MAIN ENTRY--PERSONAL NAME | |
| Personal name | ACI |
| 245 ## - TITLE STATEMENT | |
| Title | American concrete institute guide for the design construction and repair of forrocement / |
| 260 ## - PUBLICATION, DISTRIBUTION, ETC. | |
| Place of publication, distribution, etc. | USA |
| Name of publisher, distributor, etc. | American concrete institute, |
| Date of publication, distribution, etc. | c1994 |
| 300 ## - PHYSICAL DESCRIPTION | |
| Extent | various paging,; |
| Other physical details | ill,: |
| Dimensions | 29cm |
| 526 ## - STUDY PROGRAM INFORMATION NOTE | |
| Program name | 0 |
| Interest level | 0 |
| Reading level | 0 |
| Title point value | 690_538000000000000_ACI |
| 650 ## - SUBJECT ADDED ENTRY--TOPICAL TERM | |
| Topical term or geographic name entry element | NUST |
| 9 (RLIN) | 6342 |
| 942 ## - ADDED ENTRY ELEMENTS (KOHA) | |
| Source of classification or shelving scheme | |
| Koha item type | Book |
| Withdrawn status | Lost status | Source of classification or shelving scheme | Damaged status | Not for loan | Permanent Location | Current Location | Date acquired | Total Checkouts | Full call number | Barcode | Date last seen | Price effective from | Koha item type |
|---|---|---|---|---|---|---|---|---|---|---|---|---|---|
| Military College of Engineering (MCE) | Military College of Engineering (MCE) | 08/19/2014 | 690.538 ACI | MCE-36497 | 08/19/2014 | 08/19/2014 | Book |
